LEADER 00872nam0-22003011i-450- 001 990003171630403321 035 $a000317163 035 $aFED01000317163 035 $a(Aleph)000317163FED01 035 $a000317163 100 $a20000920d1962----km-y0itay50------ba 101 0 $aita 102 $aIT 200 1 $aPsychological Principles in System Development$fEdited by Robert M. Gagné$gForeword by Arthur W. Melton. 210 $aNew York$cHolt$dRinehart & Winston$d\c\\1962. 215 $aXIV, 560 p.$d24 cm 676 $a11330 676 $a12110 702 1$aGagné,$bRobert M. 702 1$aMelton,$bArthur W. 801 0$aIT$bUNINA$gRICA$2UNIMARC 901 $aBK 912 $a990003171630403321 952 $a11330 GAG$b022784$fSES 959 $aSES 996 $aPsychological Principles in System Development$9457780 997 $aUNINA DB $aING01 LEADER 01288nam--2200421---450- 001 990000396920203316 005 20050104135209.0 010 $a88-06-07807-0 035 $a0039692 035 $aUSA010039692 035 $a(ALEPH)000039692USA01 035 $a0039692 100 $a20010409d1993----km-y0itay0103----ba 101 $aita 102 $aIT 105 $a||||||||001yy 200 1 $aFiabe$eiluustrate da bambini di tutto il mondo$fHans Christian Andersen$gtraduzione di Alda Mangni e Marcella Rinaldi$gprefazione di Knud Ferlov 210 $aTorino$cG. Einaudi$d1993 215 $aXI, 655 p.$c25 c. di tav. ill.$d22 cm 225 2 $aI millenni 410 $12001$aI millenni 461 1$1001-------$12001 676 $a839.813 700 1$aANDERSEN,$bHans Christian$0164203 702 1$aMANGHI,$bAlda 702 1$aRINALDI,$bMarcella 702 01$aFERLOV,$bKnud 801 0$aIT$bsalbc$gISBD 912 $a990000396920203316 951 $aVIII.2.A. 20 (VARIE COLL. 59/21)$b122140 LM$cVARIE COLL. 959 $aBK 969 $aUMA 979 $aPATTY$b90$c20010409$lUSA01$h1828 979 $c20020403$lUSA01$h1647 979 $aPATRY$b90$c20040406$lUSA01$h1627 979 $aCOPAT4$b90$c20050104$lUSA01$h1352 996 $aFiabe$9484200 997 $aUNISA LEADER 01311nam--2200409---450- 001 990000319820203316 010 $a3-540-67795-X 035 $a0031982 035 $aUSA010031982 035 $a(ALEPH)000031982USA01 035 $a0031982 100 $a--------d--------km-y0itay0103----ba 101 $aeng 102 $aDE 105 $a||||||||001yy 200 1 $aInductive logic programming$e10th international conference, ILP 2000$eLondon, UK, July 24-27, 2000$eproceedings$fJames Cussens, Alan Frisch (eds.) 205 $aBerlino$dSpringer-Verlag$fc2000 215 $aX, 264 p.$cill.$d20 cm 410 $12001 461 1$1001-------$12001 610 0 $aProgrammazione logica$xCongressi$z2000 610 0 $aCongressi$yLonfra$z2000 676 $a005.1 702 1$aCUSSENS,$bAlain 702 1$aFRISCH,$bAlan 710 12$aInternational conference, ILP <10.; 2000; London>$0542570 801 0$aIT$bsalbc$gISBD 912 $a990000319820203316 951 $a006.3 LNIA (1866)$bCBS 0025581$c006.3$d00103189 959 $aBK 969 $aSCI 979 $aPATTY$b90$c20010108$lUSA01$h1259 979 $aALANDI$b90$c20010402$lUSA01$h1658 979 $c20020403$lUSA01$h1640 979 $aPATRY$b90$c20040406$lUSA01$h1622 996 $aInductive logic programming$9878907 997 $aUNISA